<?xml version="1.0" encoding="UTF-8"?><?xml-stylesheet type="text/xsl" href="static/style.xsl"?><OAI-PMH xmlns="http://www.openarchives.org/OAI/2.0/" xmlns:xsi="http://www.w3.org/2001/XMLSchema-instance" xsi:schemaLocation="http://www.openarchives.org/OAI/2.0/ http://www.openarchives.org/OAI/2.0/OAI-PMH.xsd"><responseDate>2026-04-27T22:06:02Z</responseDate><request verb="GetRecord" identifier="oai:uvadoc.uva.es:10324/8372" metadataPrefix="marc">https://uvadoc.uva.es/oai/request</request><GetRecord><record><header><identifier>oai:uvadoc.uva.es:10324/8372</identifier><datestamp>2021-06-29T10:25:38Z</datestamp><setSpec>com_10324_38</setSpec><setSpec>col_10324_852</setSpec></header><metadata><record xmlns="http://www.loc.gov/MARC21/slim" xmlns:doc="http://www.lyncode.com/xoai" xmlns:xsi="http://www.w3.org/2001/XMLSchema-instance" xmlns:dcterms="http://purl.org/dc/terms/" xsi:schemaLocation="http://www.loc.gov/MARC21/slim http://www.loc.gov/standards/marcxml/schema/MARC21slim.xsd">
<leader>00925njm 22002777a 4500</leader>
<datafield tag="042" ind1=" " ind2=" ">
<subfield code="a">dc</subfield>
</datafield>
<datafield tag="720" ind1=" " ind2=" ">
<subfield code="a">Pariente González, Almudena</subfield>
<subfield code="e">author</subfield>
</datafield>
<datafield tag="260" ind1=" " ind2=" ">
<subfield code="c">2014</subfield>
</datafield>
<datafield tag="520" ind1=" " ind2=" ">
<subfield code="a">Este Trabajo Fin de Grado tiene como objetivo investigar libros de texto para descubrir si son las herramientas didácticas que mejor ayudan a los niños en la etapa de Educación Primaria. La investigación se lleva a cabo mediante un análisis exhaustivo de los contenidos propuestos en el currículum de Castilla y León. Primero se hace una reflexión sobre los lilbros de texto, después un análisis de contenidos de una muestra de libros de Conocimiento del Medio y finalmente, una conclusión.</subfield>
</datafield>
<datafield tag="024" ind2=" " ind1="8">
<subfield code="a">http://uvadoc.uva.es/handle/10324/8372</subfield>
</datafield>
<datafield ind1=" " ind2=" " tag="653">
<subfield code="a">[pendiente de asignar]</subfield>
</datafield>
<datafield tag="245" ind1="0" ind2="0">
<subfield code="a">Educación para la salud en la escuela: análisis de los contenidos y las actividades en libros de texto</subfield>
</datafield>
</record></metadata></record></GetRecord></OAI-PMH>